Nové glukozinoláty pre štúdium enzýmovej aktivity rastlinných myrozináz v prevencii a liečbe onkologických ochorení
Saved in:
| Main Author: | |
|---|---|
| Other Authors: | |
| Format: | Manuscript Book |
| Language: | Slovak |
| Published: |
2025
|
| Subjects: | |
| Online Access: | http://is.stuba.sk/zp/portal_zp.pl?podrobnosti=168834 |
| Tags: |
No Tags, Be the first to tag this record!
|
MARC
| LEADER | 00000ntm a22000003a 4500 | ||
|---|---|---|---|
| 001 | stuzp99175 | ||
| 003 | SK-STU | ||
| 005 | 20250628210453.8 | ||
| 007 | ta | ||
| 008 | 150427s2015----xo-----f-mn---000-0-slo-d | ||
| 040 | |a STU |b slo | ||
| 041 | 0 | |a slo | |
| 100 | 1 | |a Halačová, Lucia |u 048140 |4 aut |U FCHPT Ústav organickej chémie, katalýzy a petrochémie |T FCHPT Oddelenie organickej chémie |X 116091 |U C8140 |Y 124 |7 116091 | |
| 242 | 0 | 1 | |a New glucosinolates for determining plant myrosinase activity in cancer prevention and treatment |y eng |
| 245 | 1 | 0 | |a Nové glukozinoláty pre štúdium enzýmovej aktivity rastlinných myrozináz v prevencii a liečbe onkologických ochorení |
| 260 | |c 2025 | ||
| 650 | 4 | |a glukozinoláty |2 slo | |
| 650 | 4 | |a myrozináza |2 slo | |
| 650 | 4 | |a izotiokyanáty |2 slo | |
| 650 | 4 | |a glucosinolates |2 eng | |
| 650 | 4 | |a myrosinase |2 eng | |
| 650 | 4 | |a isothiocyanates |2 eng | |
| 700 | 1 | |a Fischer, Róbert |u 048140 |k Z1 |4 ths |U FCHPT Ústav organickej chémie, katalýzy a petrochémie |T FCHPT Oddelenie organickej chémie |X 68202 |U C8140 |Y 124 |7 A000068202 | |
| 856 | 4 | |u http://is.stuba.sk/zp/portal_zp.pl?podrobnosti=168834 | |